| 000 | 00554cab a2200205 4500 | ||
|---|---|---|---|
| 001 | WB3024-13 | ||
| 008 | 090401t1994 xxu||||| |||| 00| 0 eng d | ||
| 035 | _a(Sirsi) u75780 | ||
| 041 | _aeng | ||
| 245 | _aHow can he lose? | ||
| 260 | _c1994 | ||
| 350 | _a0 | ||
| 490 |
_aIndependent _v23 June 1994, 36(2) |
||
| 520 | _aProfile of John Ritblat, chairman of British Land, in the light of recent good results. | ||
| 650 | _aBRITISH LAND | ||
| 650 | _aRITBLAT JOHN | ||
| 690 | _aPROPERTY-COMMERCIAL PROPERTY | ||
| 942 | _n0 | ||
| 948 | _c04/03/1997 | ||
| 999 |
_c47667 _d47667 |
||